书目信息 |
| 题名: |
暖通空调热泵技术
|
|
| 作者: | 姚杨 主编 ;马最良 , 姚杨 , 姜益强 编著 | |
| 分册: | ||
| 出版信息: | 北京 中国建筑工业出版社 2008.11 |
|
| 页数: | 265页 | |
| 开本: | 26cm | |
| 丛书名: | ||
| 单 册: | ||
| 中图分类: | TH3 | |
| 科图分类: | ||
| 主题词: | 采暖设备--cai nuan she bei--热泵--高等学校--教材 | |
| 电子资源: | ||
| ISBN: | 978-7-112-10135-1 | |
| 000 | 01140nam0 2200277 450 | |
| 001 | 012009280123 | |
| 005 | 20191122170847.66 | |
| 010 | @a978-7-112-10135-1@dCNY29.00 | |
| 100 | @a20091015d2008 em y0chiy0120 ea | |
| 101 | 0 | @achi |
| 102 | @aCN@b110000 | |
| 105 | @aak a 000yy | |
| 200 | 1 | @a暖通空调热泵技术@Anuan tong kong diao re beng ji shu@f姚杨主编@Fyao yang zhu bian@g马最良, 姚杨, 姜益强编著@Gma zui liang,yao yang,jiang yi qiang bian zhu |
| 210 | @a北京@c中国建筑工业出版社@d2008.11 | |
| 215 | @a265页@c图@d26cm | |
| 300 | @a高等学校建筑环境与设备工程专业规划教材 | |
| 320 | @a有书目 | |
| 330 | @a本书系统地阐述了热泵技术的基础知识与原理,介绍了在暖通空调领域中应用广泛,技术成熟的蒸气压缩式热泵技术与系统(包括空气源、水源、土壤耦合热泵系统及水环热泵、变制冷剂流量的热泵多联机系统等),介绍了吸收式热泵技术。 | |
| 606 | 0 | @a采暖设备@Acai nuan she bei@x热泵@x高等学校@j教材 |
| 690 | @aTH3@v4 | |
| 701 | 0 | @a姚杨@Ayao yang@4主编 |
| 702 | 0 | @a马最良@Ama zui liang@4编著 |
| 702 | 0 | @a姚杨@Ayao yang@4编著 |
| 702 | 0 | @a姜益强@Ajiang yi qiang@4编著 |
| 801 | 0 | @aCN@bQSSK@c20091015 |
| 905 | @b762015-19@dTH3@eY376@f5 | |
| 暖通空调热泵技术/姚杨主编/马最良, 姚杨, 姜益强编著.-北京:中国建筑工业出版社,2008.11 |
| 265页:图;26cm |
| 高等学校建筑环境与设备工程专业规划教材 |
| ISBN 978-7-112-10135-1:CNY29.00 |
| 本书系统地阐述了热泵技术的基础知识与原理,介绍了在暖通空调领域中应用广泛,技术成熟的蒸气压缩式热泵技术与系统(包括空气源、水源、土壤耦合热泵系统及水环热泵、变制冷剂流量的热泵多联机系统等),介绍了吸收式热泵技术。 |
| ● |
| 相关链接 |
|
|
|
正题名:暖通空调热泵技术
索取号:TH3/Y376
 
预约/预借
| 序号 | 登录号 | 条形码 | 馆藏地/架位号 | 状态 | 备注 |
| 1 | 1303300 | 213033000 | 能源与建筑环境工程学院资料室/ [索取号:TH3/Y376] | 在馆 | |
| 2 | 1303301 | 213033019 | 能源与建筑环境工程学院资料室/ [索取号:TH3/Y376] | 在馆 | |
| 3 | 762015 | 207620154 | 自科库501/501自科库 135排2列3层/ [索取号:TH3/Y376] | 在馆 | |
| 4 | 762016 | 207620163 | 期刊室512/501自科库 135排2列3层/ [索取号:TH3/Y376] | 在馆 | |
| 5 | 762017 | 207620172 | 自科库501/501自科库 135排2列3层/ [索取号:TH3/Y376] | 在馆 | |
| 6 | 762018 | 207620181 | 期刊室512/501自科库 135排2列3层/ [索取号:TH3/Y376] | 在馆 | |
| 7 | 762019 | 207620190 | 能源与建筑环境工程学院资料室/201建筑库 27排1列2层/ [索取号:TH3/Y376] | 在馆 |